书目信息 |
| 题名: |
光生物学
|
|
| 作者: | 史密斯 , Smith 著 ;沈海 译 | |
| 分册: | ||
| 出版信息: | 北京 科学出版社 1984 |
|
| 页数: | 544页 | |
| 开本: | 19cm | |
| 丛书名: | ||
| 单 册: | ||
| 中图分类: | Q63 | |
| 科图分类: | ||
| 主题词: | 生物光学 | |
| 电子资源: | ||
| ISBN: | ||
| 000 | 00797nam0 2200289 45 | |
| 001 | 0184009439 | |
| 005 | 20040630161005.3 | |
| 010 | @dCNY2.70 | |
| 091 | @a13031.2521 | |
| 100 | @a19950705d1984 emky0chiy0121 ea | |
| 101 | 1 | @achi@ceng |
| 102 | @aCN@b110000 | |
| 105 | @ay z 000yy | |
| 106 | @ar | |
| 200 | 10 | @a光生物学@Aguang sheng wu xue@f(美)史密斯(K.C.Smith)著@g沈海译 |
| 210 | @a北京@c科学出版社@d1984 | |
| 215 | @a544页@d19cm | |
| 300 | @a书名原文:The science of photobiology | |
| 510 | 1 | @aThe science of photobiology@zeng |
| 606 | @a生物光学 | |
| 690 | @aQ63@v3 | |
| 701 | 1 | @a史密斯@Ashi mi si@bK.C.@4著 |
| 701 | A1 | @aSmith@bK.C.@4著 |
| 702 | 0 | @a沈海@Ashen hai@4译 |
| 801 | 0 | @aCN@b上海图书馆@c20040525 |
| 801 | 2 | @aCN@bNLC@c20040525 |
| 905 | @dQ63@e6@f1@b109827 | |
| 光生物学/(美)史密斯(K.C.Smith)著/沈海译.-北京:科学出版社,1984 |
| 544页;19cm |
| 书名原文:The science of photobiology |
| ISBN :CNY2.70 |
| ● |
| 相关链接 |
|
|
|
|
正题名:光生物学
索取号:Q63/6
 
预约/预借
| 序号 | 登录号 | 条形码 | 馆藏地/架位号 | 状态 | 备注 |
| 1 | 0109827 | 001935623 | 第三借阅区/ [索取号:Q63/6] | 在馆 | |
| 2 | 0109828 | 000703661 | 第三借阅区/ [索取号:Q63/6] | 在馆 | |
| 3 | 0109829 | 000703670 | 第二样本阅览室/ [索取号:Q63/6] | 在馆 |